00463nam a22001577a 450000500170000001000150001702000260003203500130005803700180007108200120008910000190010124500790012026000390019927000460023830000210028420150911122315.0 aENG-113939 c400.00a9789350450253 aEN-97471 bDBAD/PUBadpl a894.827 aAnjaneyulu, D. aGlimpses of Telugu literature :bleaders and landmarks /cby D. Anjaneyulu aCalcutta bWriters Workshop c2012 a162/92, Lake Gardens, bCalcutta e700045 a,213p.c22cm(Hb)